Účtovná závierka v sústave jednoduchého účtovníctva v konkrétnej účtovnej jednotke diplomová práca

Salvato in:
Dettagli Bibliografici
Autore principale: Čabrádiová, Miroslava
Ente Autore: Fakulta hospodárskej informatiky EU. Katedra účtovníctva a audítorstva
Altri autori: Sklenka, Miloš
Natura: Libro
Lingua:slovacco
Pubblicazione: Bratislava 2010
Tags: Aggiungi Tag
Nessun Tag, puoi essere il primo ad aggiungerne!!

MARC

LEADER 00000nam$a2200000$$$4500
001 0118720
005 20240318123644.0
041 0 |a slo 
044 |a SK 
245 1 0 |a Účtovná závierka v sústave jednoduchého účtovníctva v konkrétnej účtovnej jednotke  |b diplomová práca  |c Miroslava Čabrádiová ; škol. Miloš Sklenka 
264 1 |a Bratislava  |c 2010 
300 |a 69 s. 
100 1 |a Čabrádiová, Miroslava 
700 1 |a Sklenka, Miloš 
710 2 |a Fakulta hospodárskej informatiky EU. Katedra účtovníctva a audítorstva